Word Ladder: Potent Potables Quiz Stats

 Plays Quiz Updated Jul 11, 2017

Support Sporcle.
Go Orange.
Score 0/12 Timer 01:30
0 Plays Today
Clue 4-Letter Word % Correct
Coors or Budweiser, e.g.•BEER•
98.5%
Merlot, for one•WINE•
96%
Animal in 'The Revenant'BEAR
95.3%
It starts after Mardi GrasLENT
93.7%
Pb, on the periodic tableLEAD
93.5%
Navel materialLINT
92.9%
Famed Shakespearean KingLEAR
92.9%
Stare at a woman uncomfortablyLEER
92.6%
Curved and deformedBENT
91.9%
y=mx+b, perhapsLINE
90%
To strikeBEAT
90%
Honeyed alcoholic beverage•MEAD•
86.3%

Today's Daily Dose

Word Ladder
New Dimensions!

Quick Pick
'Animal' Fish

Get the Picture
Bird or Food?

You're not logged in!

Compare scores with friends on all Sporcle quizzes.
OR
Log In
Forgot?

From the Vault

'M' First Names

by gazzso

There's also that James Bond character, whose entire name is just the letter.
Remove Ads.
Support Sporcle.
Get the best of Sporcle when you Go Orange. This ad-free experience offers more features, more stats, and more fun while also helping to support Sporcle. Thank you for becoming a member.

Show Comments

Extras

Top Quizzes Today


Score Distribution

Your Account Isn't Verified!

In order to create a playlist on Sporcle, you need to verify the email address you used during registration. Go to your Sporcle Settings to finish the process.

Report this User

Report this user for behavior that violates our Community Guidelines.

Details: